Piłkarski quiz transferowy 17! (Edycja Serie A) - Statystyki

Ogólne statystyki
  • Ten quiz został rozwiązany 34 razy
  • Średni wynik to 7 z 20
Statystyki odpowiedzi
Piłkarz Poprzedni klub % Poprawnych
David Ospina Arsenal
84%
Aleksey Miranchuk Lokomotiv
66%
Kwadwo Asamoah Inter
59%
Bartłomiej Drągowski Jagiellonia Białystok
59%
Stanislav Lobotka Celta Vigo
53%
Merih Demiral Sassuolo
53%
Domenico Criscito Zenit
47%
Ruslan Malinovsky Genk
44%
Gregoire Defrel Roma
44%
Andrea Consigli Atalanta
34%
Jeremie Boga Chelsea
28%
Felipe Caicedo Espanyol
25%
Lorenzo Insigne Pescara
25%
Rodrigo De Paul Valencia
22%
German Pezzela Real Betis
19%
Marten de Roon Middlesbrough
16%
Alessio Cragno Brescia
13%
Goran Pandev Galatasaray
13%
Rafael Toloi Sao Paulo
9%
Juan Musso Racing Club
6%
Nie znaleziono quizów pasujących do podanych kryteriów
Rozkład punktacji
Procent ludzi z każdym wynikiem
Percentyl według liczby udzielonych odpowiedzi
Twoja historia wyników
Nie rozwiązałeś tego quizu